<?xml version="1.0" encoding="UTF-8"?>
<record
    xmlns:xsi="http://www.w3.org/2001/XMLSchema-instance"
    xsi:schemaLocation="http://www.loc.gov/MARC21/slim http://www.loc.gov/standards/marcxml/schema/MARC21slim.xsd"
    xmlns="http://www.loc.gov/MARC21/slim">

  <leader>01662    a2200205   4500</leader>
  <datafield tag="999" ind1=" " ind2=" ">
    <subfield code="c">26844</subfield>
    <subfield code="d">26844</subfield>
  </datafield>
  <datafield tag="020" ind1=" " ind2=" ">
    <subfield code="a">9781108733908</subfield>
  </datafield>
  <datafield tag="082" ind1=" " ind2=" ">
    <subfield code="a">304.8091724</subfield>
    <subfield code="b">BHA-N</subfield>
  </datafield>
  <datafield tag="100" ind1=" " ind2=" ">
    <subfield code="a">Bhavnani, Rikhil R.</subfield>
  </datafield>
  <datafield tag="100" ind1=" " ind2=" ">
    <subfield code="a">Lacina, Bethany</subfield>
  </datafield>
  <datafield tag="245" ind1=" " ind2=" ">
    <subfield code="a">Nativism and Economic Integration Across the Developing World </subfield>
    <subfield code="b">: Collision and Accommodation</subfield>
  </datafield>
  <datafield tag="260" ind1=" " ind2=" ">
    <subfield code="b">Cambridge University Press ,</subfield>
    <subfield code="c">2019.</subfield>
    <subfield code="a">United Kingdom :</subfield>
  </datafield>
  <datafield tag="300" ind1=" " ind2=" ">
    <subfield code="a">75, pp.</subfield>
  </datafield>
  <datafield tag="520" ind1=" " ind2=" ">
    <subfield code="a">Migration and nativism are explosive issues in Europe and North America. Less well-known is the tumult that soaring migration is creating in the politics of developing countries. The key difference between anti-migrant politics in developed and developing countries is that domestic migration - not international migration - is the likely focus of nativist politics in poorer countries. Nativists take up the cause of sub-national groups, vilifying other regions and groups within the country as sources of migration. Since the 1970s, the majority of less-developed countries have adopted policies that aim to limit internal migration. This Element marshals evidence from around the world to explore the colliding trends of internal migration and nativism. Subnational migration is associated with a boom in nativist politics. Pro-native public policy and anti-migrant riots are both more likely when internal migration surges. Political decentralization strengthens subnational politicians' incentives and ability to define and cater to nativists.</subfield>
  </datafield>
  <datafield tag="650" ind1=" " ind2=" ">
    <subfield code="a">Nativism</subfield>
  </datafield>
  <datafield tag="650" ind1=" " ind2=" ">
    <subfield code="a">Migration, Internal--Political aspects</subfield>
  </datafield>
  <datafield tag="650" ind1=" " ind2=" ">
    <subfield code="a">Developing countries</subfield>
  </datafield>
  <datafield tag="650" ind1=" " ind2=" ">
    <subfield code="a">Social conditions</subfield>
  </datafield>
  <datafield tag="650" ind1=" " ind2=" ">
    <subfield code="a">Social policy</subfield>
  </datafield>
  <datafield tag="942" ind1=" " ind2=" ">
    <subfield code="2">ddc</subfield>
    <subfield code="c">BK</subfield>
  </datafield>
  <datafield tag="952" ind1=" " ind2=" ">
    <subfield code="0">0</subfield>
    <subfield code="1">0</subfield>
    <subfield code="4">0</subfield>
    <subfield code="7">0</subfield>
    <subfield code="a">NASSDOC</subfield>
    <subfield code="b">NASSDOC</subfield>
    <subfield code="d">2021-04-13</subfield>
    <subfield code="e">Overseas Press India Private Limited</subfield>
    <subfield code="g">1067.34</subfield>
    <subfield code="i">2021-03-08</subfield>
    <subfield code="l">0</subfield>
    <subfield code="o">304.8091724 BHA-N</subfield>
    <subfield code="p">51562</subfield>
    <subfield code="r">2021-04-13 00:00:00</subfield>
    <subfield code="v">1503.30</subfield>
    <subfield code="w">2021-04-13</subfield>
    <subfield code="y">BK</subfield>
  </datafield>
</record>
